| 000 | 01753nam a2200481 i 4500 | ||
|---|---|---|---|
| 001 | 37523 | ||
| 003 | KOSZ 005 | ||
| 005 | 20220428135252.0 | ||
| 008 | 980713s1997 pl |000 0 pol d | ||
| 015 | _aUWD 1997/12990 | ||
| 020 | _a8386835362 | ||
| 035 | _a991005109279705066 | ||
| 035 | _a(PL-WaBN)b11340496-48omnis_nlop | ||
| 035 | _ab11340496 | ||
| 035 | _a(OCoLC)835631787 | ||
| 035 | _axx001392053 | ||
| 035 | _a(PL)b0000001134049 | ||
| 035 | _a(EXLNZ-48OMNIS_NETWORK)9910218745905606 | ||
| 040 |
_aWA N _cWA N _dKOSZ 005/HR |
||
| 046 | _k1997 | ||
| 080 | _a657 | ||
| 080 | _a658.14/.17 | ||
| 080 | _a(07) | ||
| 245 | 0 | 0 |
_aZagadnienia rachunkowości finansowej : _b[praca zbiorowa / _cpod kier. Aldony Kameli-Sowińskiej ; aut. A. Kamela-Sowińska et al. ; red. Zdzisław Kołaczyk ; Stowarzyszenie Księgowych w Polsce. Zarząd Główny. Centralny Ośrodek Szkolenia Zawodowego]. |
| 260 |
_aWarszawa : _bSKwP. ZG, _c1997. |
||
| 300 |
_a500 s. ; _c24 cm + _ePrzykładowy zakładowy plan kont : 8 s. ; 21 cm. |
||
| 336 |
_aTekst _btxt _2rdacontent |
||
| 337 |
_aBez urządzenia pośredniczącego _bn _2rdamedia |
||
| 338 |
_aWolumin _bnc _2rdacarrier |
||
| 380 | _aKsiążki | ||
| 388 | _a1901-2000 | ||
| 388 | _a1989-2000 | ||
| 504 | _aBibliogr. s. 496-500. | ||
| 650 | 7 |
_aFinanse przedsiębiorstwa _2DBN |
|
| 650 | 7 |
_aRachunkowość finansowa _2DBN |
|
| 655 | 7 |
_aPodręcznik _2DBN |
|
| 658 | _aGospodarka, ekonomia, finanse | ||
| 700 | 1 |
_aKamela-Sowińska, Aldona _d(1950- ) _eAutor |
|
| 700 | 1 |
_aKołaczyk, Zdzisław _eRedakcja |
|
| 856 |
_uhttp://koha.tu.koszalin.pl/cgi-bin/koha/opac-detail.pl?biblionumber=37523 _yKatalog online BPK |
||
| 942 |
_2UKD _cKS |
||
| 999 |
_c37523 _d37523 |
||